[Event "HUN-chT2 Barcza 1516"]
[Site "Hungary"]
[Date "2016.03.20"]
[Round "9.8"]
[White "Kovago, Istvan"]
[Black "Hajnal, Gyula"]
[Result "1/2-1/2"]
[WhiteElo "1910"]
[BlackElo "1938"]
[PlyCount "104"]
[EventDate "2015.09.13"]
[EventType "team-tourn"]
[EventRounds "11"]
[EventCountry "HUN"]
[SourceTitle "EXT 2017"]
[Source "ChessBase"]
[SourceDate "2016.10.25"]
[SourceVersion "1"]
[SourceVersionDate "2016.10.25"]
[SourceQuality "1"]
[WhiteTeam "Edeleny"]
[BlackTeam "Mezokovesd"]
[WhiteTeamCountry "HUN"]
[BlackTeamCountry "HUN"]

1. d4 d5 2. Nf3 Nf6 3. c3 e6 4. Bg5 Be7 5. Nbd2 Nbd7 6. e3 c5 7. Rc1 b6 8. Bd3 0-0 9. 0-0 Bb7 10. Re1 Ne4 11. Bf4 f5 12. Ne5 g5 13. Nxd7 gxf4 14. Bxe4 Qxd7 15. Bf3 Bd6 16. exf4 Bxf4 17. g3 Bh6 18. Bg2 Rae8 19. f4 Kh8 20. Nf3 Rg8 21. Ne5 Qg7 22. Qf3 Ba8 23. Rc2 Rc8 24. Rd2 Rc7 25. Rde2 Bb7 26. Qf2 Bc8 27. Nf3 Qf6 28. Ne5 Bf8 29. Qe3 Ba6 30. Rf2 Bd6 31. Nf3 Bc8 32. Qd3 h6 33. Rfe2 Rcg7 34. Ne5 h5 35. Nf3 h4 36. Ng5 hxg3 37. hxg3 Rxg5 38. fxg5 Rxg5 39. Re3 c4 40. Qe2 Bxg3 41. Rxe6 Bxe6 42. Qxe6 Qxe6 43. Rxe6 Bf4 44. Kf2 Bc1 45. Re2 f4 46. b3 Rg3 47. Re8+ Kh7 48. Bxd5 cxb3 49. axb3 Rxc3 50. Re7+ Kh6 51. Rxa7 Be3+ 52. Kf3 Bxd4+ 1/2-1/2

[Event "HUN-chT2 Barcza 1516"]
[Site "Hungary"]
[Date "2016.02.28"]
[Round "8.9"]
[White "Kovago, Istvan"]
[Black "Ugyan, Daniel"]
[Result "1-0"]
[WhiteElo "1912"]
[BlackElo "1805"]
[PlyCount "141"]
[EventDate "2015.09.13"]
[EventType "team-tourn"]
[EventRounds "11"]
[EventCountry "HUN"]
[SourceTitle "EXT 2017"]
[Source "ChessBase"]
[SourceDate "2016.10.25"]
[SourceVersion "1"]
[SourceVersionDate "2016.10.25"]
[SourceQuality "1"]
[WhiteTeam "Edeleny"]
[BlackTeam "Nyiregyhaza"]
[WhiteTeamCountry "HUN"]
[BlackTeamCountry "HUN"]

1. e4 e6 2. d4 d5 3. Nd2 Nf6 4. e5 Nfd7 5. Bd3 c5 6. c3 Nc6 7. Ne2 Qb6 8. Nf3 Be7 9. Bc2 f6 10. exf6 Nxf6 11. 0-0 cxd4 12. Nexd4 Nxd4 13. Nxd4 0-0 14. Nf3 Bd6 15. Qd4 Qxd4 16. Nxd4 Bd7 17. h3 e5 18. Nf5 Bc7 19. Be3 Rfe8 20. Rad1 g6 21. Ng3 Bc6 22. Bb3 Kg7 23. Bg5 Rad8 24. Rfe1 h6 25. Be3 a6 26. Nf1 Rd7 27. f3 Red8 28. Bf2 Nh5 29. Bc2 Nf4 30. Bh4 g5 31. Bg3 Kf6 32. Ne3 Bb6 33. Bf2 Bxe3 34. Bxe3 d4 35. cxd4 exd4 36. Bxf4 gxf4 37. Bd3 Rd6 38. Kf2 Re8 39. Rxe8 Bxe8 40. Be4 b6 41. Ke2 Bb5+ 42. Kd2 Rd7 43. Rc1 Ra7 44. Ra1 Ke5 45. h4 Bc4 46. b3 Bd5 47. Bd3 b5 48. Re1+ Kd6 49. Bf1 Kc5 50. Re5 Rf7 51. Kd3 Rf6 52. b4+ Kd6 53. Kxd4 Bxa2 54. Bd3 Bf7 55. Be4 Bg6 56. Bb7 Kc7 57. Bd5 Kd6 58. h5 Bf7 59. Be4 Bc4 60. Rc5 Bf1 61. Rc2 Bc4 62. Rd2 Re6 63. Rd1 Re5 64. Rh1 Rg5 65. Rh4 Rxg2 66. Rxf4 Rb2 67. Rf6+ Ke7 68. Rxh6 Rxb4 69. Ke5 a5 70. Rh7+ Kd8 71. h6 1-0

[Event "HUN-chT2 Barcza 1516"]
[Site "Hungary"]
[Date "2015.10.18"]
[Round "3.9"]
[White "Kovago, Istvan"]
[Black "Zelena, Tamas"]
[Result "0-1"]
[WhiteElo "1885"]
[BlackElo "1914"]
[PlyCount "124"]
[EventDate "2015.09.13"]
[EventType "team-tourn"]
[EventRounds "11"]
[EventCountry "HUN"]
[SourceTitle "CBM 170 Extra"]
[Source "ChessBase"]
[SourceDate "2016.02.25"]
[SourceVersion "1"]
[SourceVersionDate "2016.02.25"]
[SourceQuality "1"]
[WhiteTeam "Edeleny"]
[BlackTeam "Miskolc KisBocsok"]
[WhiteTeamCountry "HUN"]
[BlackTeamCountry "HUN"]

1. d4 Nf6 2. Nf3 e6 3. Bg5 Be7 4. e3 d5 5. Nbd2 c5 6. c3 0-0 7. Rc1 c4 8. Be2 b5 9. 0-0 Nbd7 10. Qc2 Bb7 11. b4 Ne4 12. Bf4 a5 13. a3 axb4 14. axb4 Ra6 15. Ra1 Qb6 16. Nxe4 dxe4 17. Nd2 f5 18. Qb2 Rfa8 19. Rfc1 Qa7 20. Rxa6 Qxa6 21. Kf1 Nb6 22. Bc7 Nd5 23. Ba5 f4 24. exf4 Nxf4 25. Qc2 Nd3 26. Kg1 Nxc1 27. Qxc1 Bd8 28. Bxd8 Rxd8 29. Nf1 Ra8 30. Qg5 Bd5 31. Ne3 Qd6 32. g3 Ra3 33. Qh5 g6 34. Qg5 Rxc3 35. Ng4 Rb3 36. Nf6+ Kf7 37. Nxh7 Rb1+ 38. Bf1 Qxb4 39. Qf6+ Ke8 40. Qxg6+ Kd8 41. Nf6 Bc6 42. Qg8+ Kc7 43. Qxe6 Qd6 44. Qf7+ Kb6 45. d5 Bb7 46. Nxe4 Bxd5 47. Nxd6 Bxf7 48. Nxf7 c3 49. Ne5 c2 50. Nd3 Rd1 51. Kg2 Rxd3 52. Bxd3 c1Q 53. h4 b4 54. h5 b3 55. Be4 b2 56. f4 b1Q 57. Bxb1 Qxb1 58. Kf3 Qd1+ 59. Ke4 Qxh5 60. f5 Qg4+ 61. Ke5 Qxg3+ 62. Ke6 Qg7 0-1

[Event "HUN-chT2 Barcza 1415"]
[Site "Hungary"]
[Date "2015.01.25"]
[Round "7.8"]
[White "Dani, Peter"]
[Black "Kovago, Istvan"]
[Result "1-0"]
[WhiteElo "2038"]
[BlackElo "1886"]
[PlyCount "85"]
[EventDate "2014.09.07"]
[EventType "team-tourn"]
[EventRounds "11"]
[EventCountry "HUN"]
[SourceTitle "EXT 2016"]
[Source "ChessBase"]
[SourceDate "2015.10.08"]
[SourceVersion "1"]
[SourceVersionDate "2015.10.08"]
[SourceQuality "1"]
[WhiteTeam "Debrecen Sakkbaratok"]
[BlackTeam "Edeleny"]
[WhiteTeamCountry "HUN"]
[BlackTeamCountry "HUN"]

1. Nf3 d5 2. g3 Bg4 3. Bg2 Nf6 4. c4 e6 5. Qb3 b6 6. Ne5 c6 7. Nc3 Bd6 8. Nxg4 Nxg4 9. cxd5 exd5 10. Nxd5 cxd5 11. Qxd5 0-0 12. Qxa8 Qf6 13. Qf3 Qg6 14. 0-0 Nd7 15. d4 Ngf6 16. e4 Be7 17. e5 Ne8 18. Qb7 Qg4 19. Bf4 g5 20. h3 Qf5 21. Be3 Ng7 22. g4 Qe6 23. Bd5 Nc5 24. Bxe6 Nxb7 25. Bd5 Nd8 26. Rac1 Nde6 27. Bxe6 Nxe6 28. d5 Ng7 29. Rc7 Re8 30. Rxa7 Bf8 31. Bxb6 Rxe5 32. Rd1 Re2 33. Ra8 Re8 34. Rxe8 Nxe8 35. a4 Nd6 36. Bc5 Nb7 37. Bxf8 Kxf8 38. b4 Ke7 39. a5 Nd6 40. a6 Nb5 41. d6+ Kd7 42. Rd5 Na7 43. b5 1-0

[Event "HUN-chT2 Barcza 1112 "]
[Site "Hungary"]
[Date "2011.11.13"]
[Round "3"]
[White "Jakab, Mihaly"]
[Black "Kovago, Istvan"]
[Result "1/2-1/2"]
[WhiteElo "1884"]
[BlackElo "1890"]
[PlyCount "51"]
[EventDate "2011.09.25"]
[EventType "team-tourn"]
[EventRounds "11"]
[EventCountry "HUN"]
[SourceTitle "EXT 2013"]
[Source "ChessBase"]
[SourceDate "2012.11.22"]
[SourceVersion "1"]
[SourceVersionDate "2012.11.22"]
[SourceQuality "1"]
[WhiteTeam "Balkany"]
[BlackTeam "Edeleny"]
[WhiteTeamCountry "HUN"]
[BlackTeamCountry "HUN"]

1. Nf3 d6 2. d4 Nf6 3. c4 Bg4 4. e3 e6 5. Nc3 c6 6. Be2 Be7 7. 0-0 0-0 8. b3 d5 9. Bb2 Nbd7 10. Qc2 Rc8 11. Rac1 a6 12. c5 Ne8 13. Ne1 Bxe2 14. Nxe2 Bf6 15. f4 b6 16. b4 a5 17. a3 b5 18. Nd3 Ra8 19. Ra1 g6 20. Bc3 a4 21. Rf3 Bg7 22. Raf1 Nef6 23. Be1 Ne4 24. Nf2 Ndf6 25. Ng3 Nxf2 26. Bxf2 1/2-1/2

[Event "HUN-chT2 Barcza 1112 "]
[Site "Hungary"]
[Date "2011.10.30"]
[Round "2"]
[White "Kovago, Istvan"]
[Black "Nagy, Zsolt"]
[Result "0-1"]
[WhiteElo "1890"]
[BlackElo "1547"]
[PlyCount "164"]
[EventDate "2011.09.25"]
[EventType "team-tourn"]
[EventRounds "11"]
[EventCountry "HUN"]
[SourceTitle "EXT 2013"]
[Source "ChessBase"]
[SourceDate "2012.11.22"]
[SourceVersion "1"]
[SourceVersionDate "2012.11.22"]
[SourceQuality "1"]
[WhiteTeam "Edeleny"]
[BlackTeam "Sarospatak"]
[WhiteTeamCountry "HUN"]
[BlackTeamCountry "HUN"]

1. d4 d5 2. Bf4 Nf6 3. e3 Bf5 4. Nd2 e6 5. Ngf3 Bd6 6. Bg5 h6 7. Bh4 Nbd7 8. Be2 c5 9. c3 a6 10. dxc5 Nxc5 11. 0-0 b5 12. Nb3 Na4 13. Qc1 0-0 14. Nbd4 Be4 15. Bd1 Nb6 16. Bc2 Bxc2 17. Qxc2 Be7 18. Nc6 Qc7 19. Nxe7+ Qxe7 20. Nd2 g5 21. Bg3 Nh5 22. Be5 Nd7 23. Bg3 Nxg3 24. hxg3 f5 25. g4 Kg7 26. gxf5 Rxf5 27. e4 Rf4 28. exd5 exd5 29. Rae1 Qf7 30. Qd3 Nf6 31. f3 Nh5 32. Re3 d4 33. cxd4 Qxa2 34. Re7+ Rf7 35. Rxf7+ Qxf7 36. Re1 Re8 37. Ne4 Qd5 38. Rc1 Re7 39. Nc3 Nf4 40. Qd2 Qc4 41. Kh1 Qd3 42. Qxd3 Nxd3 43. Rc2 Rd7 44. Ne2 Nb4 45. Rc3 Re7 46. Ng3 Re6 47. Rc8 Re1+ 48. Kh2 Rb1 49. Ne4 Rxb2 50. Kh3 Rb1 51. Kg4 Nd5 52. Ra8 Ne3+ 53. Kg3 Nf5+ 54. Kg4 Ne3+ 55. Kg3 Ra1 56. Ra7+ Kg6 57. Nc5 Nf5+ 58. Kf2 Ra2+ 59. Kg1 Nxd4 60. Rxa6+ Rxa6 61. Nxa6 Kf5 62. Kf2 h5 63. Nb4 Ke5 64. Ke3 Nf5+ 65. Kf2 Kd4 66. g4 hxg4 67. fxg4 Nd6 68. Kf3 Kc4 69. Nc2 Kc3 70. Ne3 b4 71. Nd5+ Kc4 72. Ne3+ Kd4 73. Nd1 Kd3 74. Nb2+ Kc2 75. Na4 b3 76. Ke3 b2 77. Nxb2 Kxb2 78. Kd4 Nf7 79. Ke4 Kc3 80. Kf5 Kd4 81. Kf6 Ke4 82. Kxf7 Kf4 0-1